Word Ladder: Burn for Energy! Quiz Stats

Quiz Updated Feb 23, 2015

Challenge
Share
Tweet
Embed
Score 0/14 Timer 01:30
0 Plays Today
Clue 4-Letter Word % Correct
Fiber from sheepWOOL
95.1%
Pork or venison, e.g.MEAT
89.7%
Pb, to a chemistLEAD
87.1%
A young horseFOAL
84.9%
A machineful of laundryLOAD
84.6%
Beverage made from honeyMEAD
84.5%
HipCOOL
83.9%
Clue 4-Letter Word % Correct
A type of [Rung 1]COAL
81.4%
Generic term for burnable stuff for energyFUEL
79%
SenseFEEL
73.8%
A type of [Rung 1]WOOD
72.2%
A plant or a blue pigment from itWOAD
64.1%
LoyalFEAL
63.7%
A type of [Rung 1]PEAT
45.2%

Today's Daily Dose

You're not logged in!

Compare scores with friends on all Sporcle quizzes.
Sign Up with Email
OR
Log In

You Might Also Like...

Show Comments

Extras

Top Quizzes Today


Score Distribution

Your Account Isn't Verified!

In order to create a playlist on Sporcle, you need to verify the email address you used during registration. Go to your Sporcle Settings to finish the process.